ARRUPE JESUIT UNIVERSITY

CORONAVIRUS -STOP THE SPREAD - CLEAN,DISINFECT,COVER

The life of all living : (Record no. 131521)

MARC details
000 -LEADER
fixed length control field 00781cam a22002651i 4500
001 - CONTROL NUMBER
control field 9305079
003 - CONTROL NUMBER IDENTIFIER
control field ARRUPE
005 - DATE AND TIME OF LATEST TRANSACTION
control field 20221116103359.0
008 - FIXED-LENGTH DATA ELEMENTS--GENERAL INFORMATION
fixed length control field 770927t19511929nyu 000 0 eng
010 ## - LIBRARY OF CONGRESS CONTROL NUMBER
LC control number 51005200
028 ## - PUBLISHER NUMBER
Source Arrupe
035 ## - SYSTEM CONTROL NUMBER
System control number (OCoLC)3300365
040 ## - CATALOGING SOURCE
Original cataloging agency DLC
Transcribing agency A
Modifying agency A
-- DLC
042 ## - AUTHENTICATION CODE
Authentication code premarc
050 00 - LIBRARY OF CONGRESS CALL NUMBER
Classification number BX2350
Item number .S48 1951
082 ## - DEWEY DECIMAL CLASSIFICATION NUMBER
Classification number 248
300 ## - PHYSICAL DESCRIPTION
Dimensions 21 cm.
100 1# - MAIN ENTRY--PERSONAL NAME
Personal name Sheen, Fulton J.
Fuller form of name (Fulton John),
Dates associated with a name 1895-1979
9 (RLIN) 51847
245 14 - TITLE STATEMENT
Title The life of all living :
Remainder of title the philosophy of life /
Statement of responsibility, etc by Fulton J. Sheen.
260 ## - PUBLICATION, DISTRIBUTION, ETC. (IMPRINT)
Place of publication, distribution, etc Garden City, N.Y. :
Name of publisher, distributor, etc Garden City Books,
Date of publication, distribution, etc 1951, c1929.
300 ## - PHYSICAL DESCRIPTION
Extent ix, 236 p. ;
650 #0 - SUBJECT ADDED ENTRY--TOPICAL TERM
Topical term or geographic name as entry element Life.
9 (RLIN) 13910
650 #0 - SUBJECT ADDED ENTRY--TOPICAL TERM
Topical term or geographic name as entry element Christian life.
906 ## - LOCAL DATA ELEMENT F, LDF (RLIN)
a 7
b cbc
c oclcrpl
d u
e ncip
f 19
g y-gencatlg
942 ## - ADDED ENTRY ELEMENTS (KOHA)
Source of classification or shelving scheme Library of Congress Classification
Koha item type Monograph ( Printed materials)
Holdings
Withdrawn status Lost status Source of classification or shelving scheme Damaged status Not for loan Home library Current library Shelving location Date acquired Total Checkouts Full call number Barcode Date last seen Price effective from Koha item type
    Library of Congress Classification     ARRUPE LIBRARY ARRUPE LIBRARY Main Collection 16/11/2022   BX2350 .S48 1951 46700000069 16/11/2022 16/11/2022 Monograph ( Printed materials)

 

Arrupe Library. PO Box MP320 Mt Pleasant, Harare, Zimbabwe
263 242 745411|librarian@aju.ac.zw